| 000 | 00577nam a2200205 4500 | ||
|---|---|---|---|
| 001 | 108505 | ||
| 003 | ES-MaACL | ||
| 005 | 20230906184643.0 | ||
| 007 | t| | ||
| 008 | 061121s1966 mx r ||||1| spa d | ||
| 100 | 1 |
_aMontes de Oca, Marco Antonio. _982569 |
|
| 245 | 1 | 4 |
_aLas fuentes legendarias / _cMarco Antonio Montes de Oca. |
| 250 | _a1.ª ed. | ||
| 260 |
_aMéxico : _bJoaquín Mortiz, _c1966. |
||
| 300 |
_a114 p. ; _c18 cm. |
||
| 490 | 1 | _aSerie del volador | |
| 830 | 0 |
_aSerie del volador _9181075 |
|
| 852 |
_aES-MaACL _jE-9621 _bR.93896 |
||
| 999 |
_c108505 _d108505 |
||